000 00497nam a2200169Ia 4500
005 20250723104355.0
008 250723s9999 xx 000 0 und d
020 _a9780521881777
082 _a947.07
_bHER
100 _aHeretz, Leonid
245 0 _aRussia on the Eve of Modernity
260 _c2008
300 _a296 pages
500 _aPioneering history of the ordinary Russians and their pre-modern, non-Western culture in late Imperial Russia.
650 _aHistory
942 _cENGLISH
999 _c576985
_d576985